Biblioteca

Confesión de fe y constitución de la Iglesia Presbiteriana Cumberland / Iglesia Presbiteriana Cumberland (Registro nro. 38926)

Detalles MARC
000 -LÍDER
Campo fijo de descripción fija 004620000a22001570004500
041 0# - CÓDIGO DE IDIOMA
Código de idioma para texto/pista de sonido o título separado
082 04 - NÚMERO DE CLASIFICACIÓN DECIMAL DEWEY
Número de clasificación G 285.135 I243c
001 - NÚMERO DE CONTROL
Campo de control 8808
110 1# - ASIENTO PRINCIPAL--NOMBRE CORPORATIVO
Nombre corporativo o de jurisdicción como elemento de entrada Iglesia Presbiteriana Cumberland
245 10 - TÍTULO
Título del Material Confesión de fe y constitución de la Iglesia Presbiteriana Cumberland / Iglesia Presbiteriana Cumberland
300 ## - DESCRIPCIÓN FÍSICA
Extensión 105 Pag
336 ## - CONTENT TYPE
Content type term texto
Content type code txt
Source rdacontent
337 ## - MEDIA TYPE
Source rdamedia
Media type term sin mediación
Media type code n
338 ## - CARRIER TYPE
Source rdacarrier
Carrier type term volumen
Carrier type code nc
942 ## - TIPO DE MATERIAL (KOHA)
Tipo de Item KOHA Libros General
Existencias
Estado de Material Estado de Perdido Estado de Dañado No para Préstamo Colección Tomo Biblioteca de Origen Biblioteca Permanente Fecha de Adquisición Total de Préstamos Signatura Topográfica Código de Barras Última vez visto Ejemplar/Existencia Fecha de Remplazo Tipo de Material Última vez Préstado
        Colección General   Biblioteca FUSBC Biblioteca FUSBC 17/01/2005   G 285.135 I243c 7340 12/12/2019 1 26/01/2016 Libros General  
        Colección General   Biblioteca FUSBC Biblioteca FUSBC 17/01/2005 1 G 285.135 I243c 7341 12/12/2019 2 26/01/2016 Libros General 26/05/2017

Biblioteca FUSBC | Teléfono: (57+4) 349 88 10 Ext. 141| WhatsApp (+57) 3005338115 
E-mail: biblioteca@unisbc.edu.co | Calle 76 87-14 Robledo Palenque, Medellín, Colombia

Con tecnología Koha